A zsidók jogállása Magyarországon (Különös tekintettel az 1867. évi XVII. tc. és az 1946. évi XXV. tc. közötti időszakra)

Elmentve itt :
Bibliográfiai részletek
Szerző: Dömölki János
További közreműködők: Szentpéteri István (Témavezető)
Dokumentumtípus: Szakdolgozat
Megjelent: 1995
Tárgyszavak:
Online Access:http://diploma.bibl.u-szeged.hu/34355
LEADER 00653nta a2200157 i 4500
001 dipl34355
005 20130314094151.0
008 110908s1995 hu om 0|| zxx d
040 |a SZTE Diploma Repozitórium  |b hun 
041 |a zxx 
100 1 |a Dömölki János 
245 1 2 |a A zsidók jogállása Magyarországon (Különös tekintettel az 1867. évi XVII. tc. és az 1946. évi XXV. tc. közötti időszakra)  |h [elektronikus dokumentum] /  |c János Dömölki 
260 |c 1995 
650 4 |a Jogi és igazgatási tanulmányok 
700 1 |a Szentpéteri István  |e ths 
856 4 0 |u http://diploma.bibl.u-szeged.hu/id/eprint/34355/1/1995_domolki_janos.pdf  |z Dokumentum-elérés